La lotta al lavoro nero nell'esperienza legislativa e amministrativa della regione Puglia

Bibliographic Details
Main Author: Sunna, Cristina
Format: eBook
Language:Italian
Published: Bari : Cacucci Editore, 2008
Subjects:
Online Access:http://www.vlex.com/source/6796

MARC

LEADER 00000nam a22000007a 4500
005 20130215113650.0
007 cr|||| ||||
008 130215e2008 it |||||s|||| 00| 0 ita d
020 |a 888422795X 
035 |a 6796 
040 |a vLex 
090 |c 3652  |d 3652 
100 1 0 |a Sunna, Cristina 
245 1 3 |a La lotta al lavoro nero nell'esperienza legislativa e amministrativa della regione Puglia  |h [Recurso electrn̤ico]  
256 |a Servicio en ln̕ea 
260 |a Bari :  |b Cacucci Editore,   |c 2008 
300 |a 1 Recurso electrn̤ico 
650 0 4 |a Derecho laboral y Seguridad Social  |z Italia 
740 |a vLex Libros (Servicio en ln̕ea) 
856 |a Acceso restringido  |u http://www.vlex.com/source/6796 
942 |c BOOK 
999 0 |a Labor laws and legislation